| 000 | 00339nam a22001217a 4500 | ||
|---|---|---|---|
| 082 | _a220 PRO | ||
| 100 |
_aHAMMAD,HAMZAH,SAAD _971589 |
||
| 245 | _aPR-SOF-1340-LOW PHASE NOISE 2GHz OSCILLATOR | ||
| 260 |
_aISLAMABAD _bNUST COLLEGE OF EME _c2014 |
||
| 650 |
_aDE-ELECT-32 _971590 |
||
| 700 |
_aDR MOJEEB,ANIS CHAUDHARY _971591 |
||
| 942 | _cCR | ||
| 999 |
_c578025 _d578025 |
||